00000000cas 2200000zi 4500
0019.843084
003CaOODSP
00520260319100853
006m     o  d f      
007cr cn ||||||||
008170906c20179999qucar p o    f0   b0fre|d
022 |a2561-2077
040 |aCaOODSP|bfre|erda|cCaOODSP
043 |an-cn---
0861 |aP1-34F-PDF
1101 |aCanada. |bServices publics et approvisionnement Canada, |eauteur, |eorganisme de publication.
222 0|aRapport sur les résultats ministériels |b(Canada. Services publics et approvisionnements Canada)
24510|aRapport sur les résultats ministériels / |cServices publics et approvisionnement Canada.
264 1|aGatineau (Québec) Canada : |bServices publics et approvisionnement Canada = Public Services and Procurement Canada, |c[2017]-
310 |aAnnuel
336 |atexte|btxt|2rdacontent/fre
337 |ainformatique|bc|2rdamedia/fre
338 |aressource en ligne|bcr|2rdacarrier/fre
3621 |aParaît depuis : 2016/2017.
500 |aPublié aussi en anglais sous le titre : Departmental results report.
588 |aDescription d'après : 2016/2017.
588 |aDernière livraison consultée : 2024 à 2025.
61016|aCanada. |bServices publics et approvisionnement Canada|xCrédits budgétaires et dépenses|vPériodiques.
650 6|aDépenses publiques|vPériodiques.
655 7|aPériodiques|2rvmgf
77508|tDepartmental results report / |w(CaOODSP)9.843073
78000|tRapport ministériel sur le rendement |w(CaOODSP)9.825285